[Event "Olympiad Women 2024"]
[Site "Budapest HUN"]
[Date "2024.09.18"]
[Round "7.36"]
[Board "2"]
[White "Wafa, Shahenda"]
[Black "Sana Omprakash Kayyar"]
[Result "1-0"]
[WhiteElo "2102"]
[BlackElo "1937"]
[PlyCount "57"]
[EventDate "2024.09.11"]
[WhiteTeam "Egypt"]
[BlackTeam "Uganda"]
[WhiteTeamCountry "EGY"]
[BlackTeamCountry "UGA"]

1. e4 e5 2. Nf3 Nc6 3. Bb5 a6 4. Ba4 Nf6 5. O-O Be7 6. Re1 b5 7. Bb3 O-O 8. h3 d6 9. c3 Na5 10. Bc2 c5 11. d4 Qc7 12. Nbd2 Bd7 13. Nf1 Rac8 14. Ne3 Rfe8 15. a4 ({RR} 15. d5 c4 16. Nh2 Nb7 17. Nhg4 Nc5 18. Qf3 Qd8 19. Nf5 Bxf5 20. Qxf5 Nxg4 21. Qxg4 a5 22. g3 b4 23. Qe2 bxc3 24. bxc3 Qd7 25. Kg2 Qb5 26. Be3 Qa6 27. Reb1 Bd8 28. Bxc5 Rxc5 29. Ba4 Rf8 {1-0 Shyam,S (2536)-Paehtz,E (2440) Jakarta Indonesia op 3rd 2013 (11)}) ({RR} 15. d5 c4 16. Nh2 Nb7 17. Qf3 Nc5 18. Nf5 Bxf5 19. Qxf5 Qd7 20. Qf3 Rf8 21. Nf1 Ne8 22. g4 Qd8 23. Ng3 Bg5 24. Kg2 Bxc1 25. Raxc1 Nf6 26. Nf5 g6 27. Ne3 Nfd7 28. Rcd1 Qg5 29. Qg3 Qf4 {0-1 Nimmy,A (2098)-Sofrigin,A (2269) Budapest FS05 IM 2022 (7)}) 15... Bf8 16. axb5 $146 ({RR} 16. d5 c4 17. axb5 axb5 18. Nh2 Nb7 19. Neg4 Bxg4 20. Nxg4 Nxg4 21. Qxg4 Ra8 22. Be3 Nc5 23. f4 exf4 24. Qxf4 g6 25. Rxa8 Rxa8 26. Rf1 Bg7 27. Bd4 Rf8 28. Kh1 Nd7 29. Ra1 Be5 30. Qf2 Rb8 {½-½ Bueltmann,C-Gerndorf,M Ruhrgebiet VK2 9899 1998 (6)}) ({RR} 16. Bd2 c4 17. Nf1 h6 18. Ng3 Nc6 19. Qc1 Rb8 20. d5 Na5 21. Nh4 bxa4 22. Bxa4 Bxa4 23. Rxa4 Nb3 24. Qc2 a5 25. Be3 Rec8 26. Qe2 Nd7 27. Nf1 Rb7 28. Nf3 Nbc5 29. Bxc5 Qxc5 30. Rea1 Rb5 {1-0 Licznerski,L (2326)-Swiech,J (1965) Krakow op-A 29th 2018 (3)}) 16... axb5 17. dxe5 dxe5 18. b3 Ra8 19. Nd5 Nxd5 20. exd5 c4 21. b4 Nb7 22. Rxa8 Rxa8 23. Nxe5 Be8 24. Bf4 Qb6 25. Qf3 Bd6 26. Qe4 g6 27. Ng4 Qd8 28. Qd4 Bd7 29. Nh6+ 1-0

[Event "Olympiad Women 2024"]
[Site "Budapest HUN"]
[Date "2024.09.18"]
[Round "7.36"]
[Board "3"]
[White "Kawuma Patricia"]
[Black "Romany, Joy"]
[Result "0-1"]
[WhiteElo "1839"]
[BlackElo "2012"]
[PlyCount "86"]
[EventDate "2024.09.11"]
[WhiteTeam "Uganda"]
[BlackTeam "Egypt"]
[WhiteTeamCountry "UGA"]
[BlackTeamCountry "EGY"]

1. e4 c5 2. Nf3 e6 3. d4 cxd4 4. Nxd4 Nc6 5. Nc3 Qc7 6. Be3 a6 7. Qf3 Nf6 8. Bd3 ({RR} 8. O-O-O Rb8 9. Nxc6 bxc6 10. Bc4 Bd6 11. Rxd6 Qxd6 12. e5 Qxe5 13. Bf4 Qc5 14. Bxb8 Qxc4 15. Bd6 h5 16. Qe3 c5 17. b3 Qd4 18. Bxc5 Qxe3+ 19. Bxe3 Bb7 20. f3 h4 21. h3 Rh5 22. Rd1 Bc6 {0-1 Demchenko,A (2654)-Andreikin,D (2724) Titled Tuesday intern op 22nd Feb Early blitz 2022 (11)}) ({RR} 8. O-O-O Rb8 9. Kb1 Bb4 10. Bf4 e5 11. Nd5 Nxd5 12. exd5 exf4 13. dxc6 O-O 14. cxd7 Bxd7 15. Bd3 Rbd8 16. Ne2 Bc6 17. Be4 Bxe4 18. Qxe4 Bc5 19. Qf3 Qc6 20. Qxc6 bxc6 21. Nxf4 Bxf2 22. Nd3 Bb6 {1-0 Vokhidov,S (2534)-Cardoso Cardoso,J (2493) Titled Tuesday intern op 07th Jun Early blitz 2022 (6)}) 8... h5 $146 ({RR} 8... Ne5 9. Qg3 Nxd3+ 10. cxd3 Qxg3 11. hxg3 Ng4 12. Bd2 Bc5 13. Nce2 Ne5 14. O-O Nxd3 15. Nb3 Be7 16. Bc3 f6 17. Rfd1 Nc5 18. Nxc5 Bxc5 19. Rac1 b6 20. b4 Be7 21. a3 Bb7 22. f3 Bc6 23. Bd4 {0-1 Ingunza Curro,A (1670)-Marin Aso,J (1882) Madrid-ch Previa-B 2017 (2)}) ({RR} 8... Ne5 9. Qg3 Nxd3+ 10. cxd3 Qxg3 11. hxg3 Bb4 12. Ke2 d6 13. Na4 O-O 14. Nb3 Bd7 15. Nb6 Rad8 16. a3 Bc5 17. Nxc5 dxc5 18. Bxc5 Rfe8 19. Nxd7 Nxd7 20. Be3 Ne5 21. Rhd1 Rd7 22. d4 Nc6 23. Rd3 {½-½ King,A (2271)-Karwowski,K (2173) Titled Tuesday intern op 7th Januar blitz 2020 (6)}) ({RR} 8... Ne5 9. Qe2 b5 10. f4 Neg4 11. Bd2 b4 12. Nd1 e5 13. h3 Nh6 14. Nf5 Nhg8 15. Nde3 Ne7 16. fxe5 Nxf5 17. exf5 Qxe5 18. O-O-O Bb7 19. Rhe1 Kd8 20. Qf1 Qg3 21. Nc4 Qxg2 22. Qf4 Qf3 23. Qd4 {1-0 Haubro,M (2410)-Nielsen,V (2294) Copenhagen CC GM 2021 (5)}) 9. Nxc6 dxc6 10. O-O-O e5 11. h3 Be6 12. a3 O-O-O 13. Qe2 Nd7 14. Bc4 Re8 15. Bxe6 Rxe6 16. Rd3 Rd6 17. Rhd1 Rxd3 18. Qxd3 b5 19. f3 Be7 20. Na4 Rd8 21. Qxd7+ Rxd7 22. Nb6+ Qxb6 23. Bxb6 Bg5+ 24. Kb1 Rxd1+ 25. Ka2 Rd2 26. g3 Rxc2 27. Kb3 Rg2 28. g4 hxg4 29. hxg4 Bc1 30. Kb4 Bxb2 31. Ka5 Bxa3 32. Kxa6 b4 33. Bc5 Rc2 34. Bd6 b3 35. Bxa3 Ra2 36. Kb6 Rxa3 37. Kxc6 b2 38. Kd5 Ra5+ 39. Kd6 b1=Q 40. Ke7 Qb4+ 41. Kxf7 Qd6 42. g5 Ra7+ 43. Kg8 g6 0-1

[Event "Olympiad Women 2024"]
[Site "Budapest HUN"]
[Date "2024.09.18"]
[Round "7.36"]
[Board "4"]
[White "Allam, Yara"]
[Black "Takali Milly"]
[Result "1-0"]
[WhiteElo "1920"]
[BlackElo "1707"]
[PlyCount "109"]
[EventDate "2024.09.11"]
[WhiteTeam "Egypt"]
[BlackTeam "Uganda"]
[WhiteTeamCountry "EGY"]
[BlackTeamCountry "UGA"]

1. e4 c6 2. d4 d5 3. Nc3 dxe4 4. Nxe4 Nf6 5. Nxf6+ exf6 6. c3 Bd6 7. Bd3 O-O 8. Ne2 Qc7 9. Qc2 h5 ({RR} 9... g6 10. h4 Re8 11. h5 f5 12. hxg6 fxg6 13. Bg5 Be6 14. O-O-O Qf7 15. g4 Nd7 16. gxf5 Bxf5 17. Bxf5 Qxf5 18. Qxf5 gxf5 19. Nf4 Bxf4+ 20. Bxf4 Re7 21. Rh5 Rf7 22. Rg1+ Kh8 23. Rgg5 Raf8 24. Bd6 {1-0 Kovalev,A (2525)-Li,B (2383) Balaton GM 35th 2017 (4)}) 10. Bd2 a5 $146 ({RR} 10... Re8 11. O-O-O Nd7 12. Ng3 Nf8 13. Rde1 Rxe1+ 14. Rxe1 h4 15. Ne4 Bxh2 16. g3 hxg3 17. fxg3 Bxg3 18. Rg1 Bh4 19. Rh1 Ng6 20. Nc5 f5 21. Bc4 b5 22. Bb3 Qg3 23. Qd1 Bg5 24. Qe2 Bxd2+ 25. Kxd2 {1-0 Aldokhin,I (2413)-Bazeev,G (2398) Titled Tuesday intern op 10th Nov blitz 2020 (10)}) ({RR} 10... b5 11. O-O-O Be6 12. Kb1 Nd7 13. Ng3 h4 14. Nf5 Bxf5 15. Bxf5 Rfe8 16. g3 Nb6 17. gxh4 Bf4 18. Rhg1 Nc4 19. Bxf4 Qxf4 20. Rg4 Qf3 21. Rdg1 Re2 22. Rxg7+ Kf8 23. Qd3 Rxb2+ 24. Ka1 Qxf2 25. R7g2 {0-1 Cherry,A (1918)-Waldhausen Gordon,F (2365) Titled Tue 20th Feb Early 2024 (1)}) ({RR} 10... Re8 11. O-O-O b5 12. Ng3 h4 13. Nf5 Bxf5 14. Bxf5 Bf4 15. g3 Bxd2+ 16. Qxd2 Nd7 17. gxh4 Nb6 18. Rhg1 Kf8 19. Rxg7 Kxg7 20. Rg1+ Kf8 21. Qh6+ Ke7 22. Re1+ Kd8 23. Qxf6+ Qe7 24. Rxe7 Rxe7 25. h5 {1-0 Aldokhin,I (2413)-Jovic,S (2087) Titled Tue 18th Apr Late 2023 (8)}) ({RR} 10... c5 11. O-O-O Nc6 12. dxc5 Bxc5 13. Ng3 Ne5 14. Bh7+ Kh8 15. Bf5 g6 16. Bxc8 Raxc8 17. Ne4 Be7 18. f4 Nc4 19. f5 g5 20. h4 g4 21. Bh6 Rfd8 22. Rhe1 Rxd1+ 23. Rxd1 Rd8 24. b3 Nb6 25. Be3 {1-0 Aldokhin,I (2413)-Manukian,A (2196) Titled Tuesday intern op 23rd Mar blitz 2021 (3)}) 11. O-O-O b5 12. Ng3 g6 13. Ne4 Be7 14. Bh6 Re8 15. Qe2 Be6 16. g4 h4 17. Qf3 Nd7 18. Kb1 Bd5 19. Bc2 b4 20. Bd2 bxc3 21. Bxc3 a4 22. Qh3 Kg7 23. Rhe1 Bxe4 24. Bxe4 Nb6 25. Qf3 Bd6 26. g5 fxg5 27. Bxc6 Rxe1 28. Rxe1 Rf8 29. d5+ f6 30. Re6 Bf4 31. Qe4 Be5 32. Bxe5 fxe5 33. Qxg6+ Kh8 34. Qh5+ Qh7+ 35. Qxh7+ Kxh7 36. d6 Rxf2 37. Re7+ Kg6 38. Be8+ Kh6 39. Rb7 Nc4 40. d7 Ne3 41. a3 Rd2 42. Rb8 g4 43. d8=Q Rxd8 44. Rxd8 Nf1 45. Rd6+ Kg5 46. Rg6+ Kf5 47. b4 axb3 48. a4 Nd2+ 49. Kb2 e4 50. Rg7 e3 51. Bb5 Kf4 52. a5 g3 53. hxg3+ hxg3 54. a6 Ne4 55. a7 1-0

[Event "Olympiad Women 2024"]
[Site "Budapest HUN"]
[Date "2024.09.18"]
[Round "7.37"]
[Board "1"]
[White "Ortiz Verdezoto, Anahi"]
[Black "Henderson de La Fuente, Andrea"]
[Result "1/2-1/2"]
[WhiteElo "2229"]
[BlackElo "1986"]
[PlyCount "136"]
[EventDate "2024.09.11"]
[WhiteTeam "Ecuador"]
[BlackTeam "Andorra"]
[WhiteTeamCountry "ECU"]
[BlackTeamCountry "AND"]

1. d4 Nf6 2. c4 g6 3. Nc3 Bg7 4. e4 d6 5. Be2 O-O 6. g4 e5 7. d5 Na6 ({RR} 7... a5 8. h4 Na6 9. g5 Nd7 10. h5 Ndc5 11. Be3 c6 12. f3 Bd7 13. Qd2 a4 14. Nh3 Qa5 15. Nf2 Rfd8 16. hxg6 hxg6 17. Rc1 Nb4 18. Kf1 cxd5 19. cxd5 Rdc8 20. Kg2 Qd8 21. Kg3 Rc7 22. Ng4 {1-0 Hoffman,A (2547)-Hernandez Guerrero,G (2558) Buenos Aires op 1999 (8)}) 8. Be3 ({RR} 8. g5 Nd7 9. Be3 f5 10. gxf6 Nxf6 11. h4 Nc5 12. Bf3 a5 13. h5 gxh5 14. Bxc5 dxc5 15. Bxh5 Nxh5 16. Qxh5 h6 17. Nf3 Qf6 18. Ke2 Bd7 19. Rag1 Be8 20. Qh3 Ra6 21. Rg3 Bg6 22. Rhg1 Qf7 {1-0 Savchenko,B (2505)-Matta,V (2146) 14th Chennai Open 2023-24 (6.7)}) 8... Nc5 9. f3 h5 $146 ({RR} 9... a5 10. Qd2 Ne8 11. O-O-O f5 12. gxf5 gxf5 13. Bd3 f4 14. Bxc5 dxc5 15. a4 Qh4 16. Qe1 Bf6 17. Bf1 Kh8 18. Qxh4 Bxh4 19. Rd2 Nd6 20. b3 Be1 21. Rc2 Rg8 22. Nh3 Bd7 23. Nf2 Bxf2 24. Rxf2 {½-½ Preiss,V (2235)-Schneider,B (1905) DDMM (Women) 1999 (2.7)}) ({RR} 9... a5 10. h4 h5 11. g5 Ne8 12. Nh3 Bd7 13. Qd2 Qc8 14. Nf2 Kh7 15. b3 f5 16. Qc2 fxe4 17. Ncxe4 Bf5 18. O-O-O b6 19. Qd2 Qd7 20. Ng3 Bh8 21. Rhf1 Ng7 22. Nfe4 Ne8 23. Bd3 a4 24. b4 {0-1 Shipov,S (2541)-Mezentsev,I (2354) Speed Chess Super Swiss blitz 2021 (5)}) ({RR} 9... c6 10. g5 Nh5 11. Qd2 cxd5 12. Nxd5 Be6 13. O-O-O Rc8 14. Kb1 Nf4 15. Nxf4 exf4 16. Bd4 Na4 17. Bxg7 Kxg7 18. Qd4+ Kg8 19. h4 Qa5 20. h5 Qxg5 21. hxg6 fxg6 22. Nh3 Qe5 23. Qxd6 Qxb2# {0-1 Danielyan,V (2284)-Horcajuelo Rocamora,M (2175) Titled Tuesday intern op 30th Aug Late blitz 2022 (8)}) 10. g5 Nh7 11. Qd2 f6 12. h4 fxg5 13. hxg5 a5 14. O-O-O a4 15. Nb5 b6 16. Nh3 Bd7 17. Na3 Rf7 18. Nf2 Qe7 19. Rdg1 Raf8 20. Rh2 c6 21. dxc6 Bxc6 22. Rd1 Rd8 23. Nd3 Ne6 24. Nb4 Qb7 25. Nb5 Bf8 26. Kb1 Be7 27. Nd5 Bxd5 28. exd5 Nc5 29. Qc2 Nf8 30. Nc3 Qd7 31. Ne4 Rb8 32. Ng3 Rh7 33. f4 h4 34. Rdh1 exf4 35. Bxf4 Bxg5 36. Bxg5 hxg3 37. Rxh7 Nxh7 38. Bf4 Kg7 39. Bxg3 Nf6 40. Rg1 Nfe4 41. Be1 Qf5 42. Rf1 Qe5 43. Rf3 Rh8 44. b4 axb3 45. axb3 Rh1 46. Qd1 Kg8 47. Kc2 Rh2 48. Re3 Qf5 49. Kb2 Qe5+ 50. Kc2 Qf4 51. Qd4 Qg4 52. Qd1 Qg1 53. Rf3 Qg2 54. Re3 Qg5 55. Qd4 Qg4 56. Qd1 Qg1 57. Bd2 Qg2 58. b4 Rh1 59. Be1 Na4 60. Kb3 Nac3 61. Rxc3 Nxc3 62. Kxc3 Qg1 63. Kd2 Qd4+ 64. Kc2 Qe4+ 65. Kd2 Qd4+ 66. Kc2 Qe4+ 67. Kd2 Qd4+ 68. Kc2 Qe4+ 1/2-1/2

[Event "Olympiad Women 2024"]
[Site "Budapest HUN"]
[Date "2024.09.18"]
[Round "7.37"]
[Board "2"]
[White "De la Riva Real, Ariadna"]
[Black "Wagenschuetz, Evelyn"]
[Result "1/2-1/2"]
[WhiteElo "1823"]
[BlackElo "2036"]
[PlyCount "95"]
[EventDate "2024.09.11"]
[WhiteTeam "Andorra"]
[BlackTeam "Ecuador"]
[WhiteTeamCountry "AND"]
[BlackTeamCountry "ECU"]

1. e4 c5 2. Nf3 e6 3. c3 Nf6 4. e5 Nd5 5. d4 cxd4 6. cxd4 d6 7. Bb5+ Bd7 8. Bxd7+ Nxd7 9. O-O Be7 10. Nbd2 O-O 11. Re1 Rc8 12. a3 dxe5 13. dxe5 Qc7 14. Nb3 Rfd8 15. Nbd4 h6 $146 ({RR} 15... a6 16. Bd2 Qb6 17. Rb1 h6 18. Qe2 Bc5 19. Qe4 Bxd4 20. Qxd4 Qxd4 21. Nxd4 Rc4 22. Nf3 Rdc8 23. Rbc1 Kf8 24. g3 Ke7 25. Kf1 Rc2 26. Bc3 Rxc1 27. Rxc1 Nxc3 28. Rxc3 Rxc3 29. bxc3 Nb6 30. Nd2 {½-½ Sargsjan,K (1900)-Nemec,D (2037) Ricany op-A 2011 (8)}) 16. Bd2 Bc5 17. Nb3 Bf8 18. Rc1 Qb8 19. Qe2 Nc5 20. Nfd4 Nxb3 21. Nxb3 Nb6 22. Qg4 Rxc1 23. Bxc1 Rd5 24. Qg3 Qd8 25. Qg4 Rd3 26. Na5 Qd5 27. b4 Nd7 28. Qc4 Qxc4 29. Nxc4 Rc3 30. Ne3 a5 31. Rd1 axb4 32. axb4 Rc7 33. Ba3 Nxe5 34. f4 Ng6 35. f5 Rc3 36. fxg6 fxg6 37. Bc1 Bxb4 38. Bd2 Rb3 39. Bxb4 Rxb4 40. Rd6 Kf7 41. Kf2 g5 42. Kf3 h5 43. h3 Ke7 44. Rd2 Kf6 45. Rd7 Rb3 46. Ke4 Rb2 47. Kd3 Rb3+ 48. Ke4 1/2-1/2

[Event "Olympiad Women 2024"]
[Site "Budapest HUN"]
[Date "2024.09.18"]
[Round "7.37"]
[Board "3"]
[White "Vasquez Ramirez, Rocio"]
[Black "Muratet Carmona, Alexandra"]
[Result "1-0"]
[WhiteElo "1981"]
[BlackElo "1796"]
[PlyCount "91"]
[EventDate "2024.09.11"]
[WhiteTeam "Ecuador"]
[BlackTeam "Andorra"]
[WhiteTeamCountry "ECU"]
[BlackTeamCountry "AND"]

1. d4 d5 2. Nf3 Nf6 3. Bf4 Bf5 4. e3 e6 5. Bd3 Ne4 6. Nfd2 Bd6 ({RR} 6... Nxd2 7. Qxd2 Bxd3 8. Qxd3 c6 9. O-O Bd6 10. Bxd6 Qxd6 11. Qb3 b6 12. c4 O-O 13. Nc3 Nd7 14. cxd5 exd5 15. Rac1 a5 16. Na4 Rab8 17. h3 Rfc8 18. Qd3 Qb4 19. Qc2 h6 20. Rfd1 Qd6 21. Qd3 {½-½ Bu,X (2723)-Li,C (2758) CHN Team Wuxi 2016 (7.2)}) 7. Bxd6 ({RR} 7. Bxe4 dxe4 8. Bxd6 cxd6 9. c4 Nd7 10. Nc3 Nf6 11. Qa4+ Qd7 12. O-O Qxa4 13. Nxa4 Rc8 14. Rfc1 h5 15. Nc3 Ke7 16. a4 g5 17. a5 a6 18. b4 h4 19. Rab1 Rc7 20. b5 Ra8 21. Rb4 h3 {1-0 Citra,D (2211)-Sukandar,I (2392) SEA Games (Women) 31st 2022 (1)}) 7... Qxd6 8. Bxe4 $146 ({RR} 8. Nxe4 dxe4 9. Bc4 O-O 10. O-O Nd7 11. Nd2 e5 12. c3 {½-½ Altenburg,F-Weyh,T Oberhau Post op 1st 1991}) 8... dxe4 9. Nc3 Qc6 10. Qe2 Nd7 11. O-O-O a6 12. h3 b5 13. g4 Bg6 14. Nb3 Nf6 15. Nc5 Nd5 16. Nxd5 Qxd5 17. b3 e5 18. c3 h5 19. Rdg1 exd4 20. cxd4 c6 21. Kb2 a5 22. a3 a4 23. b4 h4 24. Rh2 f6 25. Rhg2 Bf7 26. Kc3 g5 27. Rf1 Qc4+ 28. Qxc4 Bxc4 29. Re1 Bd5 30. f3 exf3 31. Rf2 Ke7 32. e4 Bc4 33. Rxf3 Rhf8 34. e5 fxe5 35. Rxe5+ Kd6 36. Ne4+ Kd7 37. Nf6+ Kd6 38. Rxg5 Ke6 39. Re5+ Kd6 40. g5 Rf7 41. Rf4 Re7 42. Ne4+ Kd7 43. Nc5+ Ke8 44. Rxh4 Kf8 45. Rh8+ Bg8 46. Rxg8+ 1-0

[Event "Olympiad Women 2024"]
[Site "Budapest HUN"]
[Date "2024.09.18"]
[Round "7.37"]
[Board "4"]
[White "Real Puigdollers, Silvia"]
[Black "Guerrero Caicedo, Arlette"]
[Result "0-1"]
[WhiteElo "1781"]
[BlackElo "1868"]
[PlyCount "106"]
[EventDate "2024.09.11"]
[WhiteTeam "Andorra"]
[BlackTeam "Ecuador"]
[WhiteTeamCountry "AND"]
[BlackTeamCountry "ECU"]

1. Nf3 Nf6 2. g3 d5 3. Bg2 g6 4. d3 Bg7 5. O-O O-O 6. Nbd2 c5 7. e4 Nc6 8. Re1 e5 9. c3 Re8 10. Qc2 ({RR} 10. a3 d4 11. cxd4 cxd4 12. b4 a6 13. Nb3 Nd7 14. Bg5 f6 15. Bd2 b5 16. Rc1 Bb7 17. Bh3 Bf8 18. Nh4 a5 19. Nxa5 Nxa5 20. bxa5 Nc5 21. Bb4 Qc7 22. Bxc5 Bxc5 23. Qc2 Rec8 24. Bxc8 Rxc8 {1-0 Petrosian,T (2601)-Tari,A (2634) PRO League KO Stage rapid 2020 (3.3)}) 10... h6 11. Nf1 ({RR} 11. b3 Bg4 12. Bb2 Qd7 13. exd5 Nxd5 14. Ne4 b6 15. h3 Bxh3 16. Rad1 Bxg2 17. Kxg2 Rad8 18. d4 f5 19. Nf6+ Bxf6 20. dxe5 Bg7 21. c4 Ndb4 22. Qb1 Qe6 23. a3 Na6 24. Rd6 Rxd6 25. exd6 Qd7 {1-0 Colbow,C (2339)-Bogumil,T (2182) Titled Tuesday intern op 13th Apr blitz 2021 (2)}) 11... Be6 12. h4 Qd7 $146 ({RR} 12... Qc7 13. N1h2 Rad8 14. Bf1 Rd7 15. Be3 Bf8 16. b3 Red8 17. Be2 b5 18. d4 cxd4 19. cxd4 dxe4 20. Nxe5 Nxd4 21. Qxc7 Nxe2+ 22. Rxe2 Rxc7 23. Kg2 Nd5 24. g4 Bg7 25. f4 exf3+ 26. Nhxf3 Rc2 27. Kf2 {0-1 Araiza Castro,H-Schweber,S Mar del Plata Latinoamericano 1962 (7)}) 13. N1h2 Rad8 14. a3 Qc7 15. Qe2 dxe4 16. dxe4 Na5 17. Nd2 c4 18. a4 Nd7 19. Qe3 Bf8 20. Bf3 Nc5 21. Be2 Nd3 22. Bxd3 Rxd3 23. Qe2 Red8 24. Ng4 h5 25. Nf6+ Kg7 26. Nxh5+ gxh5 27. Qxh5 Be7 28. Nf3 Rh8 29. Qxe5+ Qxe5 30. Nxe5 Rdd8 31. Be3 Rdg8 32. Nf3 Kf8 33. Kf1 Bh3+ 34. Ke2 Nc6 35. Nd4 Ne5 36. Nf5 Bg4+ 37. Kf1 Bh3+ 38. Ke2 Bg4+ 39. Kf1 Bf3 40. Bd4 Bf6 41. Re3 Bg4 42. f4 Bh3+ 43. Ke1 Nd7 44. Bxa7 Bxf5 45. exf5 Rxh4 46. Kf2 Rh2+ 47. Kf3 Rd2 48. Rb1 Rh8 49. Ke4 b6 50. b4 cxb3 51. Bxb6 Nxb6 52. Rxb3 Nxa4 53. Rb5 Nxc3+ 0-1

[Event "Olympiad Women 2024"]
[Site "Budapest HUN"]
[Date "2024.09.18"]
[Round "7.38"]
[Board "1"]
[White "Johnson, Gabriella"]
[Black "Manova, Ivana"]
[Result "0-1"]
[WhiteElo "1896"]
[BlackElo "2031"]
[PlyCount "108"]
[EventDate "2024.09.11"]
[WhiteTeam "Trinidad & Tobago"]
[BlackTeam "North Macedonia"]

1. e4 e5 2. Nf3 Nc6 3. Bb5 a6 4. Ba4 Nf6 5. d4 exd4 6. O-O Be7 7. e5 Ng4 ({RR} 7... Nd5 8. Bb3 Nb6 9. Nxd4 Nxd4 10. Qxd4 O-O 11. Bf4 d5 12. exd6 Bxd6 13. Bxd6 Qxd6 14. Qxd6 cxd6 15. Nc3 Be6 16. Rad1 Rfd8 17. Rfe1 Bxb3 18. axb3 Kf8 19. Rd4 Rac8 20. Kf1 Rc6 21. Re2 d5 22. Red2 {½-½ Schmidt,G (2353)-Milov,V (2595) EU-ch Internet qual blitz 2003 (2)}) 8. Re1 b5 9. Bb3 d5 $146 ({RR} 9... d6 10. Bd5 Bd7 11. exd6 cxd6 12. Nxd4 Rc8 13. Nxc6 Bxc6 14. Bxc6+ Rxc6 15. Qxg4 O-O 16. Nc3 d5 17. Qf5 d4 18. Nd5 Bc5 19. b4 Bd6 20. Bf4 Kh8 21. Bxd6 Rxd6 22. Nf4 Rf6 23. Qe4 Kg8 24. Rad1 {1-0 Villarroel,W-Mora,M Buenos Aires-chT Intercoop 30th 2004 (5)}) ({RR} 9... O-O 10. h3 Nh6 11. Nxd4 Na5 12. Qf3 c5 13. Qxa8 cxd4 14. Qf3 Bb7 15. Qd3 Qb6 16. c3 Qc6 17. f3 Bh4 18. Bc2 f5 19. exf6 Qxf6 20. Qxh7+ Kf7 21. Rf1 dxc3 22. Nxc3 Qb6+ 23. Kh1 Qd6 24. Bxh6 {1-0 Maciak,J (1280)-Wieczorek,K POL-chT U19 2nd League 2014 (11.94)}) ({RR} 9... Na5 10. Nxd4 Nxb3 11. axb3 d5 12. e6 Nxf2 13. Kxf2 Bxe6 14. Kg1 Bc5 15. Be3 Bxd4 16. Bxd4 O-O 17. Qh5 c5 18. Bxc5 Qf6 19. Bxf8 Kxf8 20. Nc3 b4 21. Nxd5 Qd4+ 22. Ne3 Qxb2 23. Qc5+ Kg8 24. Qxb4 {1-0 Rodrigues Quintili,P (2068)-Yamamoto P,G Santos op 2009 (1)}) ({RR} 9... d6 10. Bd5 Bb7 11. Bxc6+ Bxc6 12. Nxd4 Bd7 13. e6 fxe6 14. Qxg4 e5 15. Qxg7 Rf8 16. Ne2 Be6 17. f4 Qd7 18. Be3 O-O-O 19. fxe5 Rg8 20. Qxh7 Bf5 21. Qh6 Rh8 22. e6 Bxe6 23. Qf4 Rdf8 24. Qe4 {1-0 Ek,A (1874)-Bandet,R (1823) FRA-chT U20 16 GP Haute 1011 2010 (9)}) 10. h3 Nh6 11. Bxh6 gxh6 12. Nxd4 Nxd4 13. Qxd4 Be6 14. Qe3 c5 15. c3 h5 16. Nd2 Rg8 17. Rad1 Qc8 18. Kh1 Qb7 19. Qf3 h4 20. Nf1 O-O-O 21. Ne3 d4 22. Bxe6+ fxe6 23. Qxb7+ Kxb7 24. cxd4 Rxd4 25. Rxd4 cxd4 26. Ng4 Rd8 27. Nh2 Kc6 28. Nf3 Kd5 29. Kg1 d3 30. Kf1 Rc8 31. Rd1 Ke4 32. Re1+ Kd5 33. Rd1 Ke4 34. Re1+ Kf4 35. Rd1 Rd8 36. Ke1 Bb4+ 37. Kf1 Be7 38. Ke1 Bb4+ 39. Kf1 a5 40. a3 Bc5 41. Ke1 Rd5 42. Rc1 d2+ 43. Nxd2 Bxf2+ 44. Ke2 Rxd2+ 45. Kxd2 Be3+ 46. Kc2 Bxc1 47. Kxc1 Kxe5 48. Kd2 Kd4 49. Ke2 Kc4 50. Ke3 Kb3 51. Kd4 Kxb2 52. Kc5 Kxa3 53. Kxb5 a4 54. Ka5 Kb3 0-1

[Event "Olympiad Women 2024"]
[Site "Budapest HUN"]
[Date "2024.09.18"]
[Round "7.38"]
[Board "2"]
[White "Zhezhovska, Monika"]
[Black "Hermoso Rodriguez, Ysvett"]
[Result "1/2-1/2"]
[WhiteElo "2106"]
[BlackElo "1943"]
[PlyCount "155"]
[EventDate "2024.09.11"]
[WhiteTeam "North Macedonia"]
[BlackTeam "Trinidad & Tobago"]

1. d4 d5 2. c4 e6 3. Nc3 Nf6 4. Bg5 Be7 5. e3 c6 6. Nf3 Nbd7 7. Qc2 h6 8. Bh4 O-O 9. Bd3 dxc4 10. Bxc4 b5 11. Bd3 Bb7 12. O-O a6 ({RR} 12... Rc8 13. Rfd1 b4 14. Bxf6 Nxf6 15. Ne4 c5 16. dxc5 Bxe4 17. Bxe4 Qe8 18. Bd3 Rxc5 19. Qe2 Qb8 20. Nd4 Rd8 21. g3 Bf8 22. Rd2 h5 23. h3 Qb6 24. Rad1 a5 25. Bc2 e5 26. Nf3 Rxd2 27. Rxd2 {½-½ Gukesh,D (2640)-Gretarsson,H (2577) FIDE Grand Swiss 2021 (9)}) 13. Rfd1 Qe8 ({RR} 13... Rc8 14. Rac1 Re8 15. Ne5 Qb6 16. Bh7+ Kf8 17. Nxd7+ Nxd7 18. Bxe7+ Rxe7 19. Ne4 Qc7 20. h4 g6 21. h5 Kg7 22. hxg6 fxg6 23. Bxg6 Kxg6 24. Nd6+ Kg7 25. Nxc8 Qxc8 26. e4 Qf8 27. Rd3 Kh8 28. Rf3 {1-0 Li,E (2351)-Lenoir Ibacache,G (2228) Titled Tue 2nd Apr Early 2024 (5)}) 14. Rac1 Rc8 15. Bxf6 $146 ({RR} 15. Qe2 c5 16. dxc5 Nxc5 17. Bc2 b4 18. Nb1 a5 19. Ne5 Nd5 20. Bxe7 Qxe7 21. Nd2 a4 22. e4 Ba6 23. Qf3 Nb6 24. Nd3 Ncd7 25. e5 f5 26. exf6 Rxf6 27. Qe4 Nd5 28. Ne5 Nxe5 29. Qxe5 Nf4 {0-1 Kolbe,J (2024)-Schmidt,J (2271) GER-chT Federal Cup (Women) 2003 (5)}) 15... Nxf6 16. Qe2 c5 17. dxc5 Rxc5 18. a3 Qb8 19. b4 Rc7 20. Na2 Rfc8 21. h3 Bd5 22. e4 Bxa2 23. Rxc7 Qxc7 24. Qxa2 Qc3 25. Qa1 Qxa1 26. Rxa1 Rc3 27. Ne1 Nd7 28. a4 Bxb4 29. axb5 a5 30. Bf1 Nc5 31. b6 Kf8 32. Nd3 Nxd3 33. b7 Bd6 34. Rxa5 Nc5 35. Ra8+ Ke7 36. e5 Bxe5 37. b8=Q Bxb8 38. Rxb8 Rc1 39. g3 Ne4 40. Rb2 Nd6 41. Kg2 Rc3 42. h4 Kf6 43. Be2 Nf5 44. Rb4 Ra3 45. Bg4 Ra5 46. Bxf5 Rxf5 47. g4 Rd5 48. Kg3 Rd3+ 49. f3 e5 50. Rb6+ Ke7 51. Rb7+ Rd7 52. Rb6 Rd6 53. Rb7+ Ke6 54. h5 Kf6 55. Ra7 g6 56. hxg6 Kxg6 57. Rb7 f6 58. Rb8 h5 59. gxh5+ Kxh5 60. Rg8 Rd4 61. Kf2 Kh6 62. Ke3 Ra4 63. Rg1 f5 64. Rg8 Ra3+ 65. Ke2 Kh5 66. Rg7 Ra2+ 67. Kd3 Ra3+ 68. Ke2 Kh4 69. Rg8 f4 70. Rg7 Kh5 71. Rg8 Ra2+ 72. Kf1 Kh4 73. Rg7 Kh3 74. Rg5 Kh4 75. Rg8 Ra6 76. Ke2 Kh5 77. Kd3 Ra3+ 78. Ke2 1/2-1/2

[Event "Olympiad Women 2024"]
[Site "Budapest HUN"]
[Date "2024.09.18"]
[Round "7.38"]
[Board "3"]
[White "La Fleur, Zara"]
[Black "Trajkovska, Sanja"]
[Result "1-0"]
[WhiteElo "1773"]
[BlackElo "1921"]
[PlyCount "63"]
[EventDate "2024.09.11"]
[WhiteTeam "Trinidad & Tobago"]
[BlackTeam "North Macedonia"]

1. e4 c5 2. Nf3 d6 3. d4 cxd4 4. Nxd4 Nf6 5. Nc3 a6 6. Bc4 e6 7. Bb3 Be7 8. Be3 O-O 9. f3 Qc7 10. g4 ({RR} 10. Qd2 Nc6 11. g4 Na5 12. O-O-O Nxb3+ 13. axb3 b5 14. g5 Nd7 15. h4 Nc5 16. Kb1 Bd7 17. h5 b4 18. Nce2 a5 19. g6 a4 20. Rdg1 axb3 21. gxh7+ Kxh7 22. Nxb3 Nxb3 23. cxb3 Rfc8 24. Rc1 Qa5 {0-1 Md Aminul,I (1964)-Nurul,I (1860) BAN-chT 1st League 2022 (3.4)}) 10... b5 11. Qd2 Nc6 12. g5 $146 ({RR} 12. Nxc6 Qxc6 13. O-O-O a5 14. a4 Ba6 15. h4 Rfc8 16. h5 b4 17. Ne2 Bc4 18. Nd4 Qc7 19. Kb1 d5 20. g5 Ne8 21. exd5 exd5 22. g6 Bf6 23. gxf7+ Qxf7 24. Rdg1 Kh8 25. Bg5 Ra6 26. Bxf6 Rxf6 {1-0 Douglas,M (1887)-Richards,D (2005) Kingston President's inv 2013 (9)}) 12... Nxd4 13. Bxd4 Nd7 14. O-O-O Nb6 15. Rhg1 Nc4 16. Qe2 Bb7 17. Kb1 Rfc8 18. f4 e5 19. Bxc4 bxc4 20. Be3 Rab8 21. f5 Bf8 22. Qh5 g6 23. Qh4 gxf5 24. exf5 d5 25. g6 fxg6 26. fxg6 h5 27. Rdf1 Qg7 28. Rf7 d4 29. Rxg7+ Bxg7 30. Qxh5 Kf8 31. Qf5+ Kg8 32. Qf7+ 1-0